000 00395 a2200157 4500
001 169680
020 _a
040 _cMagnum
100 _aPierro Netto, Scipione de
240 1 0 _aQuanta: matematica em fasciculos para o ensino medio
_lpor
245 1 0 _aQuanta: matematica em fasciculos para o ensino medio
362 0 _a1899
440 1 _aSaraiva
697 _aPARADIDATICO
942 _cBK
999 _c169680
_d169680